00681nam a2200193 a 4500001001000000003000900010005001700019007000300036008004100039040002500080049000900105100004300114245005400157260004800211300002000259942001300279952017800292999001700470000033069DO-SdBNP20250129121827.0ta110809s1948 dr 000 0 spa d aDO-SdBNPbspacBNPHU aBNPD1 aGatón Arce, Freddy,d1920-19949794613aLa leyenda de la muchacha /cFreddy Gatón Arce. aSanto Domingo :bEditora del Caribe,c1948. a31 p. ;c27 cm. 2ddccLF2 001050718RVaPDbPDcCTd2011-08-09iLF1l0o p33069-10r2020-06-25w2020-06-25y1zPerteneció a la biblioteca personal de Aída Cartagena Portalatín.ZNo se presta c32560d32560